Manual de historia de la Iglesia / (Record n. 9996)

Dettagli MARC
000 -LEADER
fixed length control field 02113nam a2200385 i 4500
003 - CONTROL NUMBER IDENTIFIER
control field IT-RoINE
005 - DATE AND TIME OF LATEST TRANSACTION
control field 20161206065539.0
008 - FIXED-LENGTH DATA ELEMENTS--GENERAL INFORMATION
fixed length control field 900725m19661987sp ||0|||spa|d
020 ## - INTERNATIONAL STANDARD BOOK NUMBER
International Standard Book Number 8425407273 (t. 6)
020 ## - INTERNATIONAL STANDARD BOOK NUMBER
International Standard Book Number 8425406919 (t. 7)
020 ## - INTERNATIONAL STANDARD BOOK NUMBER
International Standard Book Number 8425407249 (t. 8)
020 ## - INTERNATIONAL STANDARD BOOK NUMBER
International Standard Book Number 8425402050 (t. 1)
020 ## - INTERNATIONAL STANDARD BOOK NUMBER
International Standard Book Number 8425410975 (t. 2)
020 ## - INTERNATIONAL STANDARD BOOK NUMBER
International Standard Book Number 8425414067 (t. 9)
020 ## - INTERNATIONAL STANDARD BOOK NUMBER
International Standard Book Number 8425408822 (t. 4)
020 ## - INTERNATIONAL STANDARD BOOK NUMBER
International Standard Book Number 8425405491 (t. 3)
020 ## - INTERNATIONAL STANDARD BOOK NUMBER
International Standard Book Number 8425415241 (t. 10)
040 ## - CATALOGING SOURCE
Original cataloging agency SpMaBN
Language of cataloging spa
Transcribing agency IT-RoINE
041 1# - LANGUAGE CODE
Language code of text/sound track or separate title spa
Language code of original and/or intermediate translations of text ger
240 1# - UNIFORM TITLE
Uniform title Handbuch der Kirchengeschichte
Language of a work Español
245 10 - TITLE STATEMENT
Title Manual de historia de la Iglesia /
Statement of responsibility, etc [dirección] Hubert Jedin ; [versión castellana de Daniel Ruiz Sanz ... et al.]
260 ## - PUBLICATION, DISTRIBUTION, ETC. (IMPRINT)
Place of publication, distribution, etc Barcelona
Name of publisher, distributor, etc Herder
Date of publication, distribution, etc 1966-1987
300 ## - PHYSICAL DESCRIPTION
Extent 10 v. ;
Dimensions 22 cm.
336 ## - CONTENT TYPE
Source rdacontent
Content type term text
337 ## - MEDIA TYPE
Source rdamedia
Media type term unmediated
338 ## - CARRIER TYPE
Source rdacarrier
Carrier type term volume
490 1# - SERIES STATEMENT
Series statement Biblioteca Herder.
-- Sección de Historia ;
Volume number/sequential designation 76-81, 152-153, 170-171
505 0# - FORMATTED CONTENTS NOTE
Formatted contents note t. 1. Introducción a la Historia de la Iglesia ; De la Iglesia primitiva a los comienzos de la gran Iglesia. 1980 -- t. 2. La Iglesia imperial después de Constantino hasta fines del siglo VII. 1980 -- t. 3. De la Iglesia de la primitiva Edad Media a la reforma gregoriana. 2. ed. 1987 -- t. 4. La Iglesia de la Edad Media después de la reforma gregoriana. 2. ed. 1986 -- t. 5. Reforma, reforma católica y contrarreforma. 1972 -- t. 6. La Iglesia en tiempo del absolutismo y de la ilustración. 1978 -- t. 7. La Iglesia entre la revolución y la restauración. 1978 -- t. 8. La Iglesia entre la adaptación y la resistencia. 1978 -- t. 9. La Iglesia mundial del siglo XX. 1984 -- t. 10. La Iglesia del siglo XX en España, Portugal y América Latina / por Quintín Aldea y Eduardo Cárdenas. 1987.
610 24 - SUBJECT ADDED ENTRY--CORPORATE NAME
9 (RLIN) 1635
Corporate name or jurisdiction name as entry element Iglesia Católica
General subdivision Historia
700 1# - ADDED ENTRY--PERSONAL NAME
Personal name Jedin, Hubert,
Dates associated with a name 1900-1980
9 (RLIN) 5974
700 1# - ADDED ENTRY--PERSONAL NAME
Personal name Baus, Karl,
Dates associated with a name 1904-1994
9 (RLIN) 20717
700 1# - ADDED ENTRY--PERSONAL NAME
Personal name Aldea Vaquero, Quintín,
9 (RLIN) 6081
Titles and other words associated with a name S.I.,
Dates associated with a name 1920-2012
830 #0 - SERIES ADDED ENTRY--UNIFORM TITLE
9 (RLIN) 20718
Uniform title Biblioteca Herder.
Name of part/section of a work Sección de historia
942 ## - ADDED ENTRY ELEMENTS (KOHA)
Item type Monografías
Dati di copia
Withdrawn status Lost status Damaged status Not for loan Home library Current library Date acquired Total Checkouts Full call number Barcode Date last seen Price effective from Koha item type Public note Date last borrowed
        Iglesia Nacional Española en Roma Iglesia Nacional Española en Roma 01/09/2015   HIS.ECL 20.1 16770 01/09/2015 01/09/2015 Monografías t. 1. Introducción a la Historia de la Iglesia  
        Iglesia Nacional Española en Roma Iglesia Nacional Española en Roma 01/09/2015   HIS.ECL 20.2 16771 01/09/2015 01/09/2015 Monografías t. 2. La Iglesia imperial después de Constantino hasta fines del siglo VII  
        Iglesia Nacional Española en Roma Iglesia Nacional Española en Roma 01/09/2015   HIS.ECL 20.3 16772 01/09/2015 01/09/2015 Monografías t. 3. De la Iglesia de la primitiva Edad Media a la reforma gregoriana  
        Iglesia Nacional Española en Roma Iglesia Nacional Española en Roma 01/09/2015 1 HIS.ECL 20.4 16773 10/02/2017 01/09/2015 Monografías t. 4. La Iglesia de la Edad Media después de la reforma gregoriana 09/02/2017
        Iglesia Nacional Española en Roma Iglesia Nacional Española en Roma 01/09/2015 2 HIS.ECL 20.5 16774 01/03/2017 01/09/2015 Monografías t. 5. Reforma, reforma católica y contrarreforma 10/02/2017
        Iglesia Nacional Española en Roma Iglesia Nacional Española en Roma 01/09/2015   HIS.ECL 20.6 16775 01/09/2015 01/09/2015 Monografías t. 6. La Iglesia en tiempo del absolutismo y de la ilustración  
        Iglesia Nacional Española en Roma Iglesia Nacional Española en Roma 01/09/2015   HIS.ECL 20.7 16776 01/09/2015 01/09/2015 Monografías t. 7. La Iglesia entre la revolución y la restauración  
        Iglesia Nacional Española en Roma Iglesia Nacional Española en Roma 01/09/2015   HIS.ECL 20.8 16777 01/09/2015 01/09/2015 Monografías t. 8. La Iglesia entre la adaptación y la resistencia  
        Iglesia Nacional Española en Roma Iglesia Nacional Española en Roma 01/09/2015   HIS.ECL 20.9 16778 01/09/2015 01/09/2015 Monografías t. 9. La Iglesia mundial del siglo XX  
        Iglesia Nacional Española en Roma Iglesia Nacional Española en Roma 01/09/2015   HIS.ECL 20.10 16779 01/09/2015 01/09/2015 Monografías t. 10. La Iglesia del siglo XX en España, Portugal y América Latina  
        Iglesia Nacional Española en Roma Iglesia Nacional Española en Roma 13/02/2019   NOVALÍN 1586.1 NOV-1736 13/02/2019 13/02/2019 Monografías t. 1. Introducción a la Historia de la Iglesia  
        Iglesia Nacional Española en Roma Iglesia Nacional Española en Roma 13/02/2019   NOVALÍN 1586.4 NOV-1737 13/02/2019 13/02/2019 Monografías t. 4. La Iglesia de la Edad Media después de la reforma gregoriana